[Event "Las Palmas"]
[Site "Las Palmas"]
[Date "1994.??.??"]
[Round "8"]
[White "Epishin, Vladimir"]
[Black "Shirov, Alexei"]
[Result "1/2-1/2"]
[WhiteElo "2675"]
[BlackElo "2705"]
[Annotator "Hertneck,G"]
[PlyCount "110"]
[EventDate "1994.05.??"]
[EventType "tourn"]
[EventRounds "9"]
[EventCountry "ESP"]
[EventCategory "17"]
[SourceTitle "CBM 042"]
[Source "ChessBase"]
[SourceDate "1994.10.01"]
[SourceVersion "1"]
[SourceVersionDate "1994.10.01"]
[SourceQuality "1"]

1. d4 d5 2. c4 c6 3. Nc3 Nf6 4. e3 a6 5. Nf3 b5 6. b3 Bg4 7. Be2 Nbd7 (7... e6)
8. Ne5 Bxe2 9. Qxe2 e6 $5 (9... Nxe5 10. dxe5 Nd7 11. cxd5 cxd5 $13) 10. O-O (
10. Nxc6 $1 Qc7 11. cxd5 $1 (11. cxb5 axb5 12. Qxb5 Rc8 $19) 11... Nxd5 (11...
exd5 12. e4 $16) 12. Nxd5 Qxc6 (12... exd5 13. e4) 13. e4 $8 Be7 (13... Kd8 14.
Bg5+ f6 15. Rc1 $16) (13... O-O-O 14. Bg5 exd5 15. Rc1 Bb4+ 16. Kf1 Bc3 17.
exd5 Qc7 18. d6 $16) 14. Nxe7 Qc3+ 15. Qd2 Qxa1 16. O-O $16) 10... Nxe5 11.
dxe5 Nd7 12. cxd5 cxd5 13. Bb2 Bb4 14. Rfd1 (14. Qg4 Bxc3 15. Bxc3 O-O 16. Bb4
Re8 17. Bd6 $14) 14... O-O 15. a4 bxa4 16. Nxa4 Qe7 17. e4 dxe4 18. Qxe4 $14
Rab8 19. g3 a5 20. Rd3 Rfd8 21. Bd4 Nf8 22. Rad1 Qb7 23. Qxb7 Rxb7 24. Be3 Rxd3
25. Rxd3 Nd7 26. f4 Kf8 27. Kg2 Ke7 28. Kf3 Rc7 29. Rd1 Rc2 30. h3 f6 31. exf6+
gxf6 32. g4 f5 33. Bf2 Nf8 34. Rd3 Ng6 35. Bg3 Rc1 36. Nb6 Rc6 37. Nc4 a4 38.
gxf5 exf5 39. Ne3 Ke6 40. bxa4 Ra6 41. Rd4 Bc5 42. Rc4 Bd6 43. Nc2 Kd5 44. Ne3+
Ke6 45. Ke2 Rb6 46. Nc2 Rb3 47. Bf2 Rxh3 48. Be3 Rh4 49. a5 Nxf4+ 50. Bxf4 Rxf4
51. Rxf4 Bxf4 52. Nd4+ Kd5 53. a6 Bb8 54. Nxf5 Kc6 55. Kf3 Kb6 1/2-1/2

[Event "Linares 12th"]
[Site "Linares"]
[Date "1994.??.??"]
[Round "10"]
[White "Gelfand, Boris"]
[Black "Shirov, Alexei"]
[Result "1/2-1/2"]
[WhiteElo "2685"]
[BlackElo "2705"]
[Annotator "Hertneck,G"]
[PlyCount "113"]
[EventDate "1994.02.??"]
[EventType "tourn"]
[EventRounds "13"]
[EventCountry "ESP"]
[EventCategory "18"]
[SourceTitle "CBM 040"]
[Source "ChessBase"]
[SourceDate "1994.06.01"]
[SourceVersion "1"]
[SourceVersionDate "1994.06.01"]
[SourceQuality "1"]

1. d4 d5 2. c4 c6 3. Nc3 Nf6 4. Nf3 a6 5. c5 Nbd7 6. h3 g6 7. Bf4 Bg7 8. e3 O-O
9. Be2 Ne8 10. O-O Nc7 11. b4 Re8 12. Qd2 (12. a4 $6 e5 13. Bg3 exd4 14. exd4
a5 $1 15. Bh4 (15. b5 Nxc5 $17) 15... Bf6 $1 16. Bxf6 Qxf6 17. b5 Nxc5 $1 $17)
12... e5 13. Nxe5 Nxe5 14. dxe5 Bxe5 15. Bxe5 Rxe5 16. e4 a5 $1 17. a3 (17. Qd4
Re8 $13) (17. bxa5 $6 Qe7 $1 18. exd5 Nxd5 $15) 17... axb4 18. axb4 Rxa1 19.
Rxa1 Qf6 $1 {Would you believe that all this (with a slight transposition of
moves) has already been played?} 20. exd5 $6 $146 (20. f4 $2 Rxe4 $17) (20. Rd1
$1 dxe4 21. Qd8+ (21. Qd6 Qe7) 21... Qxd8 22. Rxd8+ Re8 23. Rxe8+ Nxe8 24. Nxe4
Be6 25. f4 Nc7 26. Nc3 Nd5 $5 27. Nxd5 Bxd5 28. Kf2 f6 29. Bg4 {and white won
in Shirov,A-Bologan,V/Bundesliga/1993. But in NIC Magazine 5/93 I claimed that
the ending should be drawn.}) 20... Rxd5 (20... Nxd5 $2 21. Ra8 $16) 21. Qc1 (
21. Qe3) 21... Rd4 22. b5 Kg7 23. bxc6 bxc6 $15 24. Qe3 Ne6 25. Ra8 Bd7 26. Bg4
Nxc5 27. Bxd7 Nxd7 28. Qe8 Rd3 29. Ne4 Rd1+ 30. Kh2 Qe5+ 31. Qxe5+ Nxe5 32. f4
Nd3 33. Ra7 Nxf4 34. Ng5 Rd5 35. Rxf7+ Kg8 36. Rxf4 Rxg5 37. Rf6 c5 38. Rc6 Kf7
39. Rc7+ Ke6 40. Rxh7 c4 41. Rc7 Kd5 42. h4 Re5 43. Kg3 Kd4 44. Rd7+ Ke3 45.
Rc7 Re4 46. Rc6 Kd3 47. Kf3 Rd4 48. Rxg6 c3 49. Ra6 c2 50. Ra1 Kc3 51. Rc1 Kd2
52. Rxc2+ Kxc2 53. g4 Kd3 54. h5 Re4 55. g5 Rh4 56. g6 Rxh5 57. Kf4 1/2-1/2

[Event "Tilburg"]
[Site "Tilburg"]
[Date "1994.??.??"]
[Round "4"]
[White "Bareev, Evgeny"]
[Black "Tukmakov, Vladimir B"]
[Result "1/2-1/2"]
[WhiteElo "2675"]
[BlackElo "2565"]
[Annotator "Hertneck,G"]
[PlyCount "85"]
[EventDate "1994.09.??"]
[EventType "k.o."]
[EventRounds "7"]
[EventCountry "NED"]
[SourceTitle "CBM 044"]
[Source "ChessBase"]
[SourceDate "1995.02.01"]
[SourceVersion "1"]
[SourceVersionDate "1995.02.01"]
[SourceQuality "1"]

1. d4 d5 2. c4 c6 3. Nc3 Nf6 4. Nf3 a6 5. c5 Nbd7 6. Bf4 g6 7. h3 Bg7 8. e3 O-O
9. Be2 Ne8 10. O-O Nc7 11. Bg3 e5 $146 (11... Re8 12. Na4 f6 13. Qb3 $14 {
Salov,V-Magem Badals,J/Madrid/1994}) 12. dxe5 Nxc5 (12... Qe7 13. e4 $14 (13.
e6 Nxc5 14. exf7+ Rxf7 $13)) 13. Rc1 N7e6 (13... Qe7 14. Bh4 f6 $13) 14. b4 Nd7
15. e4 d4 16. Nxd4 (16. Na4 $2 b5 $1 17. Nb2 Qb6 $15) 16... Nxd4 (16... Nxe5
17. Nb3 $14) 17. Qxd4 Nxe5 18. Qxd8 Rxd8 19. Na4 $14 Be6 20. Nb6 Rab8 21. Rc5 (
21. Rfd1 $1) 21... Rd2 $6 (21... f6 22. f4 Nd3 23. Rc3 Nxb4 24. f5 Bxa2 25.
Bxb8 Rxb8 $13) 22. Rxe5 Bxe5 23. Bxe5 Re8 24. Bf3 Rxa2 25. Bf6 (25. Bc3 Rd8)
25... a5 $1 $44 26. bxa5 Rxa5 27. Rd1 (27. Rb1 $1) 27... Rb5 28. Nd7 c5 29. Bc3
Rc8 30. Nf6+ Kf8 31. Nxh7+ Ke7 32. Be5 (32. Bf6+ Ke8 33. Be5 c4 34. Nf6+ Kf8
35. Nd5 c3 $1 $132) 32... Rb6 33. Bf6+ Ke8 34. Bc3 Rb3 35. Be5 c4 36. Bd6 $1
Rd3 37. Nf6+ Kd8 38. Rxd3 (38. Kf1 $2 Rxd1+ 39. Bxd1 c3 40. Bc2 Bc4+ 41. Ke1
Ra8 $17) 38... cxd3 39. Bb4 Rc2 40. Ba5+ (40. e5 b5 (40... d2 41. Kh2) 41. Ne4
Rb2 42. Ba5+ Ke7 $13) 40... Kc8 41. Ng4 Ra2 (41... d2 $2 42. Ne3) 42. Bc3 (42.
Bb6 $1) 42... Rc2 43. Ba5 1/2-1/2

[Event "Linares 12th"]
[Site "Linares"]
[Date "1994.??.??"]
[Round "8"]
[White "Lautier, Joel"]
[Black "Bareev, Evgeny"]
[Result "1/2-1/2"]
[WhiteElo "2625"]
[BlackElo "2685"]
[Annotator "Hertneck,G"]
[PlyCount "105"]
[EventDate "1994.02.??"]
[EventType "tourn"]
[EventRounds "13"]
[EventCountry "ESP"]
[EventCategory "18"]
[SourceTitle "CBM 040"]
[Source "ChessBase"]
[SourceDate "1994.06.01"]
[SourceVersion "1"]
[SourceVersionDate "1994.06.01"]
[SourceQuality "1"]

1. d4 d5 2. c4 c6 3. Nf3 Nf6 4. Nc3 a6 5. Qb3 e6 6. Bg5 dxc4 7. Qxc4 b5 8. Qd3
c5 9. a4 $1 $146 (9. Bxf6 gxf6 10. e3 Bb7 11. Be2 cxd4 12. exd4 Bg7 $13 {
Ehlvest,J-Khalifman,A/Rakvere/1993}) 9... cxd4 (9... c4 $2 10. Bxf6 cxd3 (10...
gxf6 11. Qe4 Ra7 12. axb5 $16) 11. Bxd8 Kxd8 12. e3 $16) (9... b4 10. Ne4 Nbd7
$5 11. dxc5 Bxc5 12. Nxc5 Nxc5 13. Qxd8+ Kxd8 14. Ne5 $1 $14) 10. Nxd4 b4 (
10... e5 $6 11. Nf3 Qxd3 12. exd3 b4 13. Bxf6 $1 $16) 11. Ne4 Bb7 12. Bxf6 gxf6
13. Rd1 Be7 (13... f5 $2 14. Nxf5 $1 Qxd3 15. Nf6+ Kd8 16. Rxd3+ $16) 14. Qf3
b3 $5 (14... Bd5 15. Nf5 $1 Nd7 (15... exf5 $2 16. Qxf5 $16) 16. Ned6+ Bxd6 17.
Nxd6+ Ke7 18. Nf5+ {/\ e4 +/-}) 15. e3 (15. Nc6 $5 Nxc6 16. Rxd8+ Rxd8 17. e3
$1 (17. Nxf6+ $4 Kf8 $19) 17... Bb4+ 18. Nc3 Bxc3+ 19. bxc3 b2 20. Qe4 $16) (
15. Nxf6+ Bxf6 16. Qxb7 Qa5+ 17. Rd2 Bxd4 18. Qxa8 O-O $44) 15... Qa5+ 16. Ke2
$1 (16. Rd2 Bxe4 17. Qxe4 Bb4 18. Qxa8 Bxd2+ 19. Ke2 (19. Kd1 O-O $13) 19...
Qb4 $8 20. Nc6 Qc4+ 21. Kxd2 Qc2+ 22. Ke1 Qc1+ 23. Ke2 Qc2+ $10) 16... Kf8 17.
Qf4 Qe5 (17... Qh5+ $6 18. f3 e5 19. Qf5 Qxf5 20. Nxf5 Bxe4 21. fxe4 $16) 18.
f3 Qxf4 19. exf4 Kg7 20. f5 (20. Nxb3 Rc8 $44) 20... Nc6 21. fxe6 Nxd4+ 22.
Rxd4 Rhd8 23. Rd7 $1 Rxd7 24. exd7 Rd8 25. Ke3 f5 (25... Rxd7 $13) 26. Ng3 Bc5+
27. Kf4 Bd6+ 28. Kxf5 Rxd7 29. Ne4 (29. Bc4 $2 Rc7 $1 $17) 29... Bc7 30. Bc4
Re7 31. Nc3 Re5+ 32. Kg4 Kh6 33. f4 Re3 34. Bd5 f5+ 35. Kxf5 Bc8+ 36. Kf6 Bxf4
37. Bxb3 (37. Be4 {would have been safer}) 37... Bg5+ 38. Kf7 Bg4 39. Kf8 $8
Be7+ (39... Bh5 40. Bf7) 40. Kg8 Bb4 41. Bf7 Bxc3 42. bxc3 Rxc3 43. Re1 Rc2 44.
Bd5 Rd2 45. Be4 Bh5 46. Rf1 Bg6 47. Bb7 Rd4 48. a5 Ra4 49. Rf6 Rxa5 50. Rxa6
Rh5 51. h3 Re5 52. Ra8 Kg5 53. Bf3 1/2-1/2

[Event "Reykjavik zt"]
[Site "Reykjavik"]
[Date "1995.??.??"]
[Round "6"]
[White "Hjartarson, Johann"]
[Black "Manninen, Marko"]
[Result "1-0"]
[WhiteElo "2590"]
[BlackElo "2365"]
[Annotator "Hjartarson,J"]
[PlyCount "51"]
[EventDate "1995.03.??"]
[EventType "swiss"]
[EventRounds "11"]
[EventCountry "ISL"]
[SourceTitle "CBM 047"]
[Source "ChessBase"]
[SourceDate "1995.08.01"]
[SourceVersion "1"]
[SourceVersionDate "1995.08.01"]
[SourceQuality "1"]

1. d4 {Baburin Huebner} d5 2. c4 c6 3. Nf3 Nf6 4. e3 a6 5. Nc3 b5 {ECO-Code D
15.} 6. b3 Bg4 7. Be2 e6 8. O-O Nbd7 9. h3 Bh5 10. Bb2 $5 (10. Ne5 Bxe2 11.
Nxe2 Nxe5 12. dxe5 Nd7 13. cxd5 cxd5 14. Bb2 Be7 15. Nd4 $2 (15. Nf4 $1 O-O 16.
Rc1 Qb6 17. Qg4 {siehe partie}) 15... Qb6 16. Rc1 O-O 17. Rc6 $2 Qb7 18. Qc2
Ra7 $1 19. Rc1 $2 (19. f4 Nb8 20. Rc3 b4 21. Rd3 Rc8 $15) 19... Nxe5 20. Nxe6
Qxc6 21. Nxf8 Qxc2 22. Rxc2 Nc4 $1 23. bxc4 dxc4 24. Nxh7 Kxh7 25. Bd4 Rc7 $19
{Krasenkov-Episin/Brno 1994/}) 10... Qb6 $6 {Huebner:Die Dame steht hier
besonders schlecht. Schwarz bekommt sofort erhebliche Schwierigkeiten.} (10...
Bd6 11. Ne5 $1 Bxe2 12. Nxe2 Rc8 13. a4 $1 (13. Qd3 O-O 14. Rfc1 Ne4 15. cxd5
$6 (15. f3 $14) 15... cxd5 16. Rxc8 Qxc8 17. Rc1 Qb7 18. Qc2 Nb6 19. Nf4 (19.
Qc6 Qb8 $10) 19... Rc8 $10 {Kislev-Makarov/Elista/chRus/1994/}) 13... bxc4 14.
bxc4 O-O 15. a5 Bxe5 16. dxe5 Ne4 17. f3 Nec5 18. Qc2 $16 {Bagaturov,
G-Berezjuk,S/Brno 1994/}) (10... bxc4 $5 11. bxc4 Rb8 12. Rb1 Bg6 13. Bd3 $14)
(10... Be7 {Huebner} 11. Ne5 Bxe2 12. Nxe2 Rc8 $10) 11. cxd5 cxd5 12. Ne5 Bxe2
13. Nxe2 Be7 $6 (13... Bd6 14. Rc1 Qb7 15. Qc2 $14) 14. Rc1 Nxe5 (14... O-O $5
{Huebner} 15. Qc2 $16) 15. dxe5 Nd7 16. Nf4 $1 O-O 17. Qg4 $16 Rad8 {Baburin:
White has more space on the K-side, and more pieces there but he needs targets
Usually pawns can create such targets or weaknesses when they move forward.} (
17... Rac8 $2 18. Nxd5 $18) (17... Qb7 $2 {Huebner} 18. Nxe6 fxe6 19. Qxe6+ Rf7
20. Qg4 Nf8 (20... Kh8 21. e6 Nf6 22. Qf4 Rff8 23. Rc7 $18) 21. e6 Rf6 22. Bxf6
Bxf6 23. e4 dxe4 24. Rfe1 $16) (17... Rfd8 $5 {Huebner} 18. Rc2 Nf8 19. Rfc1
Rd7 20. Bd4 $16) (17... f5 $2 {Huebner} 18. exf6 Bxf6 19. Bxf6 Rxf6 20. Nxd5
$18) 18. h4 (18. Rc2 $1 Qb8 (18... Qb7 $2 19. Rfc1 Rc8 20. Nxe6 $1 $18) 19. Nh5
g6 20. Nf6+ Bxf6 21. exf6 e5 22. Qg5 Qd6 23. Rfc1 Qxf6 24. Qxf6 Nxf6 25. Bxe5
$16) (18. Rc2 {Huebner: sieht plausibler aus, aber die Stellung des Schwarzen
bleibt schlecht.}) 18... f5 $6 {xe6 Huebner: Jetzt wird auch noch e6 schwach.
Zäher war meines Erachtens 18...Tfe8 nebst 19...Sf8. Baburin: Black gains some
space for manouevring on the King side, but at price of weakening his e-pawn.}
(18... Qb8 19. Nh5 g6 20. Nf6+ Bxf6 21. exf6 e5 22. Qg5 Qd6 23. f4 $16) (18...
Kh8 {/\Qb7,Rc8}) 19. Qg3 Bc5 (19... Rc8 {Huebner mußte unbedingt versucht
werden. Nach} 20. Nh5 g6 21. Nf6+ (21. Nf4 Kf7 {ist auch noch nicht klar.})
21... Bxf6 22. exf6 Kf7 23. Bd4 Qb8 {Huebner: kann sich Schwarz jedenfalls
noch wehren.}) 20. Rc2 Rfe8 21. Rfc1 b4 {Baburin:To stop 22.b3-b4 Bxb4 23.Rc6 ,
24.Rxe6.} 22. h5 Kf7 23. Qf3 Qb5 24. g4 g6 $2 (24... fxg4 25. Qxg4 $16) 25.
hxg6+ hxg6 26. gxf5 (26. gxf5 gxf5 27. Qh5+) 1-0

[Event "Rubinstein Memorial 47th"]
[Site "Polanica Zdroj"]
[Date "2011.08.23"]
[Round "4"]
[White "Shishkin, Vadim"]
[Black "Hnydiuk, Aleksander"]
[Result "0-1"]
[WhiteElo "2457"]
[BlackElo "2432"]
[Annotator "Hnydiuk,A"]
[PlyCount "72"]
[EventDate "2011.08.20"]
[EventType "tourn"]
[EventRounds "9"]
[EventCountry "POL"]
[EventCategory "8"]
[SourceTitle "CBM 144 Extra"]
[Source "ChessBase"]
[SourceDate "2011.10.28"]
[SourceVersion "1"]
[SourceVersionDate "2011.10.28"]
[SourceQuality "1"]

1. d4 d5 2. c4 c6 3. Nc3 Nf6 4. e3 ({This came as a surprise. My opponent
usually goes} 4. Nf3 dxc4 5. a4 Bf5 6. Ne5 {when most lines lead to a tactical
fight that suits well an attacking player. However, I was going to avoid that
kind of stuff, relying on chess catenaccio i.e. the line} e6 7. f3 c5 8. e4 Bg6
9. Be3 cxd4 10. Qxd4 Qxd4 11. Bxd4 Nfd7 12. Nxd7 Nxd7 13. Bxc4 {that was seen
in the World Championship matches of Topalov (as White) against Kramnik (2006)
and Anand (2010). I had analysed this ending for several hours before I sat
against GM Shishkin. Critical lines reach as deep as move 30. Though he
avoided my preparation, the work was not in vain. I made use of it two rounds
later against IM Marcin Sieciechowicz (2454). The latter game followed:} Rc8
14. Bb5 a6 15. Bxd7+ Kxd7 16. Ke2 f6 17. Rhd1 Ke8 18. Rac1 Be7 19. Bb6 Rf8 20.
a5 f5 21. exf5 $6 (21. e5 $1 {Topalov-Anand, Sofia (m/8), 2010}) 21... Bxf5 22.
Ne4 Rxc1 23. Rxc1 Bxe4 24. fxe4 Bd6 {and now, in this equal position, we
agreed to a draw.}) 4... a6 {Chebanenko System. I use it regularly against
e2-e3.} 5. Nf3 b5 6. c5 Nbd7 {The most principled response, though some
players prefer 6...g6, which leads to a cramped position.} 7. b4 ({The main
line is} 7. Bd3 {Surprisingly, it led to a short disaster for White,
administered to no other than the current World Champion:} e5 8. Nxe5 Nxe5 9.
dxe5 Nd7 10. e6 Nxc5 11. exf7+ Kxf7 12. b3 Nxd3+ 13. Qxd3 Qg5 14. g3 Qf6 15.
Bb2 Qf3 16. Rg1 Bg4 17. a3 Re8 18. Rc1 b4 19. axb4 Bxb4 20. h3 Bxh3 21. g4 Bxg4
22. Rg3 Qf5 23. Qd4 Re4 24. Qa7+ Qd7 25. Qb6 c5 {0-1 Anand-Aronian, Tal
Memorial, Moscow 2009. This game shows the dangers that await White if he
plays carelessly.}) ({Other White's options are} 7. a3) ({and} 7. Bd2) 7... a5
8. bxa5 Qxa5 {The idea is to follow with b4 and Ne4 in order to spoil the
harmony in the White camp.} ({Worse is} 8... e5 $6 {that was played in
Dreev-Korotylev, Russia 2004. After} 9. Bd2 e4 10. Ng1 Rxa5 11. a4 bxa4 12.
Rxa4 Rxa4 13. Qxa4 Qc7 14. Na2 Be7 15. Nb4 {White achieved a position of his
dreams. The a- and b- files are open and Black is in big trouble due to the
weak c6 pawn and bad white-squared bishop.}) 9. Bd2 b4 10. Nb1 ({It is likely
that} 10. Ne2 {is more accurate, e.g.} Ne4 11. Nc1 Nxd2 12. Qxd2 e5 13. Nb3 Qa4
14. Nxe5 Nxe5 15. dxe5 Qxb3 16. axb3 Rxa1+ 17. Ke2 {with interesting play that
was seen in Wang Yue-Jakovenko, Taiyuan 2006.}) 10... Ne4 11. Be2 e5 12. a3
Nxd2 13. Nfxd2 Qc7 14. O-O Be7 15. Qb3 $2 {Unexpectedly, this can be met with
a strong tactics.} ({In his youth, one well-known French magician played here} 
15. a4 {(Feller-Kurmann, Mulhouse 2006)}) 15... exd4 ({Prelude to the move 16.
Surprisingly, this position has been already played in a game between two GMs
and Black missed the opportunity by playing} 15... bxa3 {?} 16. Rxa3 Rxa3 17.
Qxa3 O-O 18. Nc3 exd4 19. exd4 Bf6 20. Nf3 Re8 21. Bd3 Nf8 22. h3 Ng6 {1/2:1/2
Prohaszka-Vuckovic, Cappelle la Grande 2011}) 16. exd4 Nxc5 $1 17. dxc5 Qe5 {
I can recapture the sacrificed piece thanks to the double attack on Ra1 and
Be2. My play can seem a bit risky given that I have not castled yet, and the
e-file is open. However, White's pieces are so poorly coordinated that they
are not able to take advantage of the above circumstances.} 18. Ra2 ({Probably,
White could do better by sacrificing a pawn for activity:} 18. Bb5 $5 {However,
after} cxb5 19. Ra2 Bxc5 20. Nf3 Qd6 21. Re1+ Be6 22. axb4 Rxa2 23. Qxa2 Bb6 (
23... Bxb4 24. Qa8+) 24. Qd2 O-O 25. Na3 Bd7 26. Ne5 {Black is better.}) 18...
Qxe2 19. axb4 Rxa2 20. Qxa2 O-O {The real problem is that White's knights are
not only poorly developed, they have no future since they cannot find any safe
harbour in the centre.} 21. Nc3 {From now on I make several moves that gain
tempi.} Qd3 22. Ndb1 Bf6 23. Rd1 Re8 24. h3 {The king needs the h2 escape
square, but the text move weakens White's position further.} Qg6 {Gaining
tempo again: 25...Bh3 is threatened.} 25. Kf1 d4 26. Ne2 Be6 27. Qa6 Bd5 28. f3
{Another forced weakening move.} (28. Nf4 {Loses on the spot due to} Qc2 29.
Qd3 Bc4 {and the queen is lost.}) 28... Qc2 29. Rc1 Qb2 30. Na3 g6 31. Rd1 Qxb4
32. Nf4 Bh4 $1 33. Nd3 Qb3 34. Rb1 Qa2 35. Kg1 Bg3 {After forcing White to
weaken his position I find a perfect outpost for my bishop.} 36. Qa4 Re2 0-1

[Event "FIDE World Cup"]
[Site "Khanty-Mansiysk"]
[Date "2005.12.01"]
[Round "2.2"]
[White "Nikolic, Predrag"]
[Black "Malakhov, Vladimir"]
[Result "0-1"]
[WhiteElo "2584"]
[BlackElo "2670"]
[Annotator "Huebner,R"]
[PlyCount "86"]
[EventDate "2005.11.27"]
[EventType "k.o."]
[EventRounds "7"]
[EventCountry "RUS"]
[SourceTitle "CBM 111"]
[Source "ChessBase"]
[SourceDate "2006.04.04"]
[SourceVersion "1"]
[SourceVersionDate "2006.04.04"]
[SourceQuality "1"]

1. d4 d5 2. c4 c6 3. Nc3 Nf6 4. Nf3 a6 5. c5 Nbd7 6. Bf4 Nh5 7. e3 Nxf4 8. exf4
b6 9. cxb6 e6 ({Nach dem häufig gespielten 9...Qxb6 kann Weiß den Bauern b2
mit 10.Bd3! opfern.} 9... Qxb6 10. Bd3 Qxb2 11. Rc1 e6 (11... g6 12. O-O $44)
12. O-O $44) 10. Bd3 ({In einer Nachfolgerpartie spielte Weiß schwächer:} 10.
Rc1 Bd6 11. Qd2 c5 12. dxc5 Nxc5 13. Qd4 O-O 14. Be2 Qxb6 $15 {Karner,C-Knoll,
H /Gmunden 2005}) 10... Bd6 11. g3 (11. f5 Nxb6 12. Qc2 (12. fxe6 Bxe6 13. O-O
O-O $11) 12... exf5 $11 {1/2-1/2 Gyimesi,Z-Dautov,R/Gothenburg 2005/CBM 109/
[Dautov] (41). (41)}) 11... c5 12. f5 {Dies ist eine interessante Idee: Weiß
spielt erst f4-f5, nachdem Schwarz die Öffnung des Zentrums eingeleitet hat;
der Zug g2-g3 ist ohnehin nützlich. Vorteil erreicht Weiß so indessen auch
nicht.} (12. O-O O-O 13. Rc1 c4 14. Bb1 Qxb6 15. b3 cxb3 16. Na4 Qb4 17. axb3
Rb8 18. Rc3 g6 19. Qc1 Bb7 20. Qe3 Rfc8 21. Rfc1 $11 {1/2-1/2 Babula,V-Kritz,L/
Austria 2005/EXT 2006 (42). (42)}) 12... Nxb6 (12... c4 13. fxe6 fxe6 14. Bc2
O-O {kommt meines Erachtens in Betracht, um den Versuch zu machen zu zeigen,
daß g2-g3 doch eine Schwächung bedeutet.}) 13. dxc5 Bxc5 14. O-O O-O 15. Qc2 g6
(15... exf5 {sieht solider aus.}) 16. Nxd5 ({Die Folge} 16. fxg6 fxg6 17. Ne5
Qc7 18. Rae1 Bd4 19. Qe2 Qd6 20. Kg2 Bb7 21. f3 {führt zu etwa gleichem Spiel.}
) 16... Nxd5 {Der Textzug ist natürlich solide, aber} (16... Qxd5 17. Be4 Qd6
18. Rac1 {ist keineswegs so klar, wie es den Anschein hat:} Bb4 (18... Rb8 19.
Rfd1 (19. fxg6 {ist nicht überzeugend:} f5 20. gxh7+ Kxh7 21. Rfd1 Qe7 22. Qxc5
Qxc5 23. Rxc5 fxe4 24. Ng5+ Kh6 25. Nxe4 Na4 {, und gewinnträchtig ist die
Stellung des Weißen nicht.}) 19... Qe7 20. Qxc5 Qxc5 21. Rxc5 gxf5 22. Bc6 {
Weiß hat einigen Vorteil.}) 19. a3 (19. Bxa8 Nxa8 20. fxg6 hxg6 21. Qxc8 Rxc8
22. Rxc8+ Kg7 23. Rxa8 Qd5 24. Rb8 a5 25. a3 Bxa3 26. bxa3 Qxf3 {führt zum
Ausgleich.}) 19... Nd5 20. fxg6 Ba5 21. gxh7+ Kh8 22. b4 Bd8 {und die Sache
ist nicht deutlich.}) 17. Qxc5 gxf5 18. Rfd1 Bb7 19. Bf1 Qf6 20. Qd4 Kg7 21.
Rac1 Rfd8 22. a3 Ne7 23. Qxf6+ Kxf6 24. Nd2 a5 25. Nc4 Bd5 26. Ne3 Rab8 27. Rd2
Rdc8 28. Rxc8 Rxc8 29. f4 Bb3 30. Kf2 Nd5 31. Nxd5+ Bxd5 32. b4 a4 33. Bb5 Rc3
34. Rd3 $2 {Dieser Gewinnversuch ist unangemessen. Nach} (34. Bxa4 Rf3+ 35. Kg1
Rxa3 36. Bd1 Ra1 37. Kf2 Rb1 38. Rd4 Rb2+ 39. Be2 $11 {entsteht eine
Remisstellung.}) 34... Rc2+ 35. Ke3 Be4 36. Rd7 {Es gibt nichts Besseres.} ({
Nach} 36. Rd2 Rc3+ 37. Kd4 Rxa3 38. Bc4 Ke7 39. Kc5 (39. Ra2 Rxa2 40. Bxa2 Bd5
$19) 39... Rc3 40. Kd4 Rc1 41. Bb5 Ra1 42. Bc4 f6 {macht Schwarz allmählich
Fortschritte.}) 36... Rxh2 37. Ra7 (37. Rd2 Rh3 38. Kf2 h5 {sieht hoffnungslos
für Weiß aus.}) 37... Rg2 38. Be2 $2 ({Mit der Fortsetzung} 38. Be8 Rxg3+ 39.
Kd4 Rd3+ 40. Kc4 (40. Kc5 e5 41. Rxf7+ Ke6 42. Rxh7 Rc3+ 43. Kb6 exf4 {ist
nicht besser, weil der König des Weißen abgedrängt ist.}) 40... e5 41. Rxf7+
Ke6 42. Rxh7 {hätte Weiß die Anzahl der Bauern mächtig reduzieren können und
Aussichten gehabt, sich noch in das Endspiel Turm und Läufer gegen Turm zu
retten.}) 38... Rxg3+ 39. Kd4 Kg6 {Jetzt gewinnt Schwarz mühelos.} 40. Rc7 h5
41. Rc8 h4 42. Rh8 Rxa3 43. Rxh4 Rb3 0-1